| 000 | 00807nam a2200217 a 4500 | ||
|---|---|---|---|
| 999 |
_c7323 _d7323 |
||
| 001 | 7323 | ||
| 003 | BD-JhCC | ||
| 005 | 20211111134021.0 | ||
| 008 | 180207s2003 b |||| ||a| 000 0 b d | ||
| 035 | _a(BD-JhCC)7323 | ||
| 040 |
_aBD-JhCC _dBD-JhCC |
||
| 041 | _aeng | ||
| 082 |
_a297.822 _bHIT 2003 |
||
| 100 | _aহিট্টির ,প্রফেসর পি. কে. | ||
| 245 |
_aআরবের ইতিহাস : _bদ্য হিস্ট্রি অব দ্য এ্যারাবস্ অবলম্বনে / _cপ্রফেসর পি. কে. হিট্টির |
||
| 260 |
_aঢাকা : _bজ্ঞানকোষ প্রকাশনী ; _c2003 . |
||
| 300 |
_a559 p . : _bill ; _c22 cm. |
||
| 651 | _aIslamic History | ||
| 942 |
_2lcc _cBK _05 |
||